Music Quiz

Random Music or Lyrics Quiz

More Today Than Yesterday Lyrics Quiz Stats

 Plays Quiz not verified by Sporcle

Score 0/210 Timer 07:00
1 Play Today
Answer % Correct
I
96.6%
I
96.6%
I
96.6%
I
96.6%
And
96.6%
a
96.6%
a
96.6%
I
96.6%
I
96.6%
more
96.6%
than
96.6%
yesterday
96.6%
I
96.6%
more
96.6%
than
96.6%
yesterday
96.6%
a
96.6%
I
96.6%
the
96.6%
And
96.6%
I
96.6%
I
96.6%
the
96.6%
I
96.6%
more
96.6%
than
96.6%
yesterday
96.6%
I
96.6%
more
96.6%
than
96.6%
yesterday
96.6%
a
96.6%
i
96.6%
a
96.6%
i
96.6%
a
96.6%
I
96.6%
day
94.8%
love
94.8%
you
94.8%
you
94.8%
day
94.8%
love
94.8%
you
94.8%
day
94.8%
you
94.8%
to
94.8%
you
94.8%
love
94.8%
you
94.8%
love
94.8%
you
94.8%
day
94.8%
ya
94.8%
love
94.8%
you
94.8%
love
94.8%
you
94.8%
love
94.8%
you
94.8%
day,
94.8%
love
94.8%
ya
94.8%
love
94.8%
ya
94.8%
day
94.8%
ya
94.8%
today
93.1%
today
93.1%
today
93.1%
Answer % Correct
today
93.1%
know
91.4%
is
91.4%
that
91.4%
not
91.4%
But
91.4%
as
91.4%
much
91.4%
as
91.4%
tomorrow
91.4%
But
91.4%
not
91.4%
as
91.4%
much
91.4%
as
91.4%
tomorrow
91.4%
that
91.4%
know
91.4%
But
91.4%
not
91.4%
as
91.4%
much
91.4%
as
91.4%
tomorrow
91.4%
But
91.4%
as
91.4%
much
91.4%
as
91.4%
tomorrow
91.4%
All
89.7%
in
89.7%
with
89.7%
all
89.7%
with
89.7%
in
89.7%
with
89.7%
With
89.7%
all
89.7%
with
89.7%
it
87.9%
it
87.9%
be
87.9%
of
87.9%
your
87.9%
be
87.9%
be
87.9%
your
87.9%
be
87.9%
don't
86.2%
what
86.2%
was
86.2%
what
86.2%
time
86.2%
was
86.2%
I'll
86.2%
time
86.2%
time
86.2%
I'll
86.2%
time
86.2%
Oh,
86.2%
don't
86.2%
Oh,
86.2%
time
86.2%
time
86.2%
time
86.2%
remember
84.5%
if
84.5%
my
84.5%
new
84.5%
new
84.5%
Answer % Correct
my
84.5%
If
84.5%
my
84.5%
new
84.5%
new
84.5%
new
84.5%
fell
82.8%
way
82.8%
way
82.8%
ever
82.8%
way
82.8%
way,
82.8%
Every
81%
Every
81%
darling,
81%
on
81%
Every
81%
every
81%
Every
81%
every
81%
Every
81%
Every
81%
each
79.3%
come
77.6%
true
77.6%
spending
77.6%
day's
77.6%
come
77.6%
true
77.6%
spending
77.6%
true
77.6%
same
77.6%
day's
77.6%
day's
77.6%
didn't
75.9%
dreams
75.9%
loving
75.9%
kiss
75.9%
dreams
75.9%
kiss
75.9%
too
74.1%
lips
72.4%
mind
72.4%
starts
72.4%
notice
70.7%
comes
70.7%
wander
70.7%
just
70.7%
for
70.7%
only
70.7%
half
69%
our's
65.5%
feel
65.5%
we
63.8%
like
60.3%
will
60.3%
thank
55.2%
stronger
55.2%
way's
55.2%
now,
50%
grows
50%
away
46.6%
need
43.1%
Lord
43.1%
always
41.4%
springtime's
31%
Tomorrow's
25.9%
Cupid,
24.1%
means
22.4%
date
15.5%

You're not logged in!

Compare scores with friends on all Sporcle quizzes.
OR
Log In

Sporcle TV

Today on Sporcle TV


Watch our educational content, quiz creation guides, and fun videos on Sporcle TV.

Show Comments

Extras

Top Quizzes Today


Score Distribution

Your Account Isn't Verified!

In order to create a playlist on Sporcle, you need to verify the email address you used during registration. Go to your Sporcle Settings to finish the process.

Report this User

Report this user for behavior that violates our Community Guidelines.

Details: